MARRIAGE (Record no. 21189)

MARC details
000 -LEADER
fixed length control field 00275nam a22001337a 4500
082 ## - DEWEY DECIMAL CLASSIFICATION NUMBER
Classification number 306.80230
Author Cutter OSH
100 ## - MAIN ENTRY--AUTHOR NAME
Author name OSHO
245 ## - TITLE STATEMENT
Title MARRIAGE
260 ## - PUBLICATION, DISTRIBUTION, ETC. (IMPRINT)
Place of publication Banglore
Name of publisher OSHO Celebration Trust
Year of publication 2011
300 ## - PHYSICAL DESCRIPTION
Number of Pages 506
650 ## - SUBJECT ADDED ENTRY--TOPICAL TERM
Topical Term Marriage
942 ## - ADDED ENTRY ELEMENTS (KOHA)
Koha item type Books
Holdings
Home library Current library Shelving location Date acquired Full call number Accession Number Koha item type
Henry Martyn Institute Library Henry Martyn Institute Library General stacks 07/13/2018 306.80230 OSH 24471 Books
                   Copyright © 2026 | Henry Martyn Institute | Hyderabad | TS-500052 | INDIA | Implemented by hmi.edu.in
Hit-Count:

Powered by Koha